000 00758nam a2200217 a 4500
001 000011954
005 20250204073951.0
008 091102t1996 dr r 000 p spa d
040 _aDO-SdBNP
_bspa
_cBNPHU
082 _aRD861.44
_bC719r
100 1 _aColón, Juan,
_d1962-
_9863
245 1 0 _aRaíces de mi alma /
_cJuan Colón ; prólogo Mariano Lebrón Saviñón.
260 _a[Santo Domingo] :
_bJulio Pérez,
_c1996.
300 _a90 p. ;
_c21 cm.
500 _aIncluye datos biográficos del autor en la contracubierta.
590 _aInventariado, 2018/BT
650 0 _aPoesía dominicana
_966
650 0 _aLiteratura dominicana.
_967
700 1 _aLebrón Saviñon, Mariano
_d1922-2014
_epról.
_97227
910 _aValidado. Control de calidad. EMS
999 _c11624
_d11624